000 00463cam a2200193ua 4500
001 3330
005 20260515113650.0
008 111017n ii |||gr||||Z||||||asm
040 _cMAIN
082 _a891.4513
100 1 _aMalik, Syed Abdul,
_eAuthor.
245 1 1 _aSwapnabhanga
_cby Syed Abdul Malik
250 _a1st.
260 _aTinsukia:
_bMitra agency,986.
300 _a193p:
_c23cm.
653 _aAssamese novel
653 _aSwanabhanga
942 _cBK
999 _c3173
_d3173